00462ngm a2200169 i 4500001001100000003000500011005001700016008004100033040002500074245003900099264005300138336002100191337002500212338002300237942001300260999001900273C2-0319940PPAK20180727221405.0121204s2012 my |||| ||||| | vlmay d aPPAKbengcPPAKerda10aBoboiboy bVol. 6, Ep. 21 - Finale 1aKuala Lumpur : bMVM Home Entertainment , c2012 2rdacontentatext 2rdamediaaunmediated 2rdacarrieravolume 2ddccDVD c167103d167103